000 00706nam a2200289Ia 4500
005 20260324114307.0
008 008 260324s9999 xx 000 0 eng d
020 _a9781003382980
037 _aEBOOK
040 _aCRL
040 _beng
040 _cCRL
041 _2eng
041 _aeng
084 _qCRL
100 _aClark Colahan
_91150203
245 0 _aInventing the Romantic Don Quixote in France
245 0 _bJansenists, Rousseau, and British Quixotism
260 _bTaylor and Francis
260 _c2023
365 _a
365 _b230
856 _uhttp://www.taylorfrancis.com/books/9781003382980
942 _cEBOOK
999 _c1740297
_d1740297